00481nam a22001697a 4500003000400000020001500004082001900019100001700038245004000055260003800095300001500133650003100148650003800179650002800217650003700245650002900282OSt a9382226116 a658.15bDOD/TE aDodge, Haan  aTechniques of financial management  aNew Delhi bRandom Exports c2013 a312 pages; aObjective of fiscal policy aBank credit and the rural economy aGlobal financial trend  aMultinational capital budgeting  aForeign exchange market